The last day of my life / (Record no. 55362)
[ view plain ]
| 000 -LEADER | |
|---|---|
| fixed length control field | 01470cam a2200253 a 4500 |
| 005 - DATE AND TIME OF LATEST TRANSACTION | |
| control field | 20110812125223.0 |
| 010 ## - LCCN (DPL NO) | |
| LC control number | B-428549-551 |
| 020 ## - INTERNATIONAL STANDARD BOOK NUMBER | |
| International Standard Book Number | 9788184951387 |
| Terms of availability | 195.00 |
| 035 ## - SYSTEM CONTROL NUMBER | |
| System control number | B-428549-551 |
| 037 ## - SOURCE OF ACQUISITION | |
| Source of stock number/acquisition | Researchco Book Centre |
| 082 00 - DEWEY DECIMAL CLASSIFICATION NUMBER | |
| Classification number | 070.92 |
| 100 1# - MAIN ENTRY--PERSONAL NAME | |
| Personal name | Moret, Jim. |
| 245 14 - TITLE STATEMENT | |
| Title | The last day of my life / |
| Statement of responsibility, etc | Jim Moret. |
| 260 ## - PUBLICATION, DISTRIBUTION, ETC. (IMPRINT) | |
| Place of publication, distribution, etc | Mumbai : |
| Name of publisher, distributor, etc | Jaico Books, |
| Date of publication, distribution, etc | 2011. |
| 300 ## - PHYSICAL DESCRIPTION | |
| Extent | 152 p. ; |
| Dimensions | 22 cm. (Pbk) |
| 600 10 - SUBJECT ADDED ENTRY--PERSONAL NAME | |
| Personal name | Moret, Jim. |
| 650 #0 - SUBJECT ADDED ENTRY--TOPICAL TERM | |
| Topical term or geographic name as entry element | Television journalists |
| Geographic subdivision | United States |
| Form subdivision | Biography. |
| 942 ## - ADDED ENTRY ELEMENTS (KOHA) | |
| Source of classification or shelving scheme | Dewey Decimal Classification |
| Item type | English Books |
| Classification part | 070.92 |
| Call number suffix | MOR |
| Withdrawn status | Lost status | Not for loan | Collection code | Home library | Current library | Date acquired | Source of acquisition | Cost, normal purchase price | Full call number | Barcode | Copy number | Cost, replacement price | Koha item type |
|---|---|---|---|---|---|---|---|---|---|---|---|---|---|
| Non-fiction | Central Library | Central Library | 16/08/2011 | Researchco Book Centre/RBC-22425/2011-12/17.3.11/76/4.3.11/30.3.11 | 195.00 | 070.92 MOR | B-428549 | 1 | 195.00 | English Books | |||
| Non-fiction | Patel Nagar | Patel Nagar | 16/08/2011 | Researchco Book Centre/RBC-22425/2011-12/17.3.11/76/4.3.11/30.3.11 | 195.00 | 070.92 MOR | B-428550 | 1 | 195.00 | English Books | |||
| Non-fiction | Sarojini Nagar | Sarojini Nagar | 16/08/2011 | Researchco Book Centre/RBC-22425/2011-12/17.3.11/76/4.3.11/30.3.11 | 195.00 | 070.92 MOR | B-428551 | 1 | 195.00 | English Books |
